[Vnější ekonomické vztahy Evropské unie]
Recenzia publikácie, ktorá sa venuje vonkajším ekonomickým vzťahom Európskej únie. Pätnásť kapitol je sústredených do štyroch záujmových blokov - vonkajšie ekonomické vzťahy EÚ a súvislosť s rozvinutými trhovými ekonomikami, rozvojovými a transformujúcimi sa krajinami.
Gespeichert in:
| 1. Verfasser: | |
|---|---|
| Format: | Buchkapitel |
| Sprache: | Slowakisch |
| Schlagworte: | |
| Tags: |
Keine Tags, Fügen Sie das erste Tag hinzu!
|
MARC
| LEADER | 00000naa$a2200000$$$4500 | ||
|---|---|---|---|
| 001 | 0011428 | ||
| 005 | 20240502071356.7 | ||
| 041 | 0 | |a slo | |
| 044 | |a SK | ||
| 245 | 1 | 0 | |a [Vnější ekonomické vztahy Evropské unie] |c rec. Peter Baláž |
| 520 | |a Recenzia publikácie, ktorá sa venuje vonkajším ekonomickým vzťahom Európskej únie. Pätnásť kapitol je sústredených do štyroch záujmových blokov - vonkajšie ekonomické vzťahy EÚ a súvislosť s rozvinutými trhovými ekonomikami, rozvojovými a transformujúcimi sa krajinami. | ||
| 610 | 2 | 0 | |a recenzie |
| 610 | 2 | 0 | |a vzťahy hospodárske medzinárodné |
| 610 | 2 | 0 | |a Európska únia |
| 100 | 1 | |a Baláž, Peter | |